00940 2200313 4500001002100000005001500021035002000036007000300056008004100059040002200100100002300122245008700145300004200232020002200274082001400296084001600310090002200326264003000348336002100378337003000399338002300429504003300452650002700485700002700512700003100539850001200570999002200582990002200604INLIS00000000087659820230404090341 a0010-0223000466ta230223s2022 yoia g | ind d aYOPDYOGbinderda0 aHarnokoePengarang10aProteksi sistem tenaga listrik /cHarnoko, Sri Lestari; penyunting, Dian Christine avi, 235 halaman :bilustrasi ;c20 cm a978-623-01-3008-304223a621.3 a621.3 HAR p aCB-D.11 2022-221031aYogyakarta :bAndi,c2022 2rdacontentateks 2rdamediaatanpa perantara 2rdacarrieravolume aBibliografi: halaman 221-223 4aTenaga listrik, Sistem0 aSri LestariePengarang0 aDian ChristineePenyunting aYOPDYOG aCB-D.11/2022-2210 aCB-D.11/2022-2210